Comparative study of selected public and private sector companies in prespective of human resource accounting (Record no. 127654)

MARC details
000 -LEADER
fixed length control field 00405nam a2200145Ia 4500
008 - FIXED-LENGTH DATA ELEMENTS--GENERAL INFORMATION
fixed length control field 230917s9999||||xx |||||||||||||| ||und||
040 ## - CATALOGING SOURCE
-- 247944
Original cataloging agency VIVEKANANDA LIBRARY
041 ## - Language
-- English
082 ## - DDC NUMBER
Classification number 658.3 R259C
100 ## - MAIN ENTRY--PERSONAL NAME
Personal name Reetu Raj
245 #0 - TITLE STATEMENT
Title Comparative study of selected public and private sector companies in prespective of human resource accounting
260 ## - PUBLICATION, DISTRIBUTION, ETC. (IMPRINT)
Date of publication, distribution, etc 2014
300 ## - PHYSICAL DESCRIPTION
Pages 77 p.
942 ## - ADDED ENTRY ELEMENTS (KOHA)
Koha item type Thesis
Holdings
Withdrawn status Lost status Damaged status Not for loan Location (home branch) Sublocation or collection (holding branch) Date acquired Koha issues (times borrowed) Koha full call number Accession No. Koha date last seen Koha item type
        VIVEKANANDA LIBRARY VIVEKANANDA LIBRARY 01/06/2018   658.3 R259C 223506 17/09/2023 Thesis
© Designed and Maintained by Vivekananda Library, MDU Rohtak